000 00331nam a22001337a 4500
005 20250901165818.0
008 250407b |||||||| |||| 00| 0 eng d
020 _a9966227199
050 _aPL 8704 .H33 2009
245 _aFUMBO LA MAISHA
_cHABWE JOHN
260 _aNAIROBI
_bPRINTS ARTS LIMITED
_c2009
300 _a200
942 _2lcc
999 _c9536
_d9536